Turkey Multiple Choice - Statistics

General Stats
  • This quiz has been taken 18 times
    6 since last reset
  • The average score is 192 of 288
Answer Stats
Question Tile Select % Correct
Süper Lig'de Şampiyon Olmuş Takımlar Alanyaspor No
100%
Türkiye'deki Büyük Şehirler Ankara Yes
100%
İki Kıtaya Birden Uzanan Ülkeler Arjantin No
100%
Karadeniz'e Temas Eden İllerimiz Artvin Yes
100%
Soy Gazlar Astatin No
100%
Aralarındaki En Üst Askeri Rütbe Asteğmen No
100%
Aralarındaki En Üst Askeri Rütbe Astsubay Kıdemli Başçavuş No
100%
Plaka Sayısına Göre En Son 5 Şehir Bartın No
100%
Süper Lig'de Şampiyon Olmuş Takımlar Beşiktaş Yes
100%
Avrupa Birliğine Üye Olmayan Avrupa Ülkeleri Birleşik Krallık Yes
100%
Türkiye'nin Adaları Bozcaada Yes
100%
Türkiye'deki Büyük Şehirler Bursa Yes
100%
Süper Lig'de Şampiyon Olmuş Takımlar Bursaspor Yes
100%
Adalar Cebelitarık No
100%
Uzak Doğu Ülkeleri Çin Yes
100%
İstanbul'daki Üniversiteler Dokuz Eylül Üniversitesi No
100%
En Kalabalık 5 İlçe Esenyurt Yes
100%
Süper Lig'de Takımı Olan İller Eskişehir No
100%
Süper Lig'de Şampiyon Olmuş Takımlar Fenerbahçe Yes
100%
Karadeniz'e Temas Eden İllerimiz Giresun Yes
100%
Türkiye'nin Adaları Gökçeada Yes
100%
Eurovision'a Katılmış Türk Şarkıcılar Hadise Yes
100%
Soy Gazlar Helyum Yes
100%
Hindistan'daki Dinler İslam Yes
100%
Türkiye'deki Büyük Şehirler İstanbul Yes
100%
Süper Lig'de Takımı Olan İller İstanbul Yes
100%
Uzak Doğu Ülkeleri Japonya Yes
100%
İki Kıtaya Birden Uzanan Ülkeler Kanada No
100%
Başkentler Karachi No
100%
Türkiye'nin Adaları Kos No
100%
İtalyan Yemekleri Kruvasan No
100%
İtalyan Yemekleri Lamington No
100%
İstanbul'daki Üniversiteler Marmara Üniversitesi Yes
100%
Başkenti En Büyük Şehri Olmayan Ülkeler Meksika No
100%
Türk Yazarlar Ömer Seyfettin Yes
100%
İstanbul'daki Üniversiteler Orta Doğu Teknik Üniversitesi No
100%
Eski Türk Devletleri Osmanlı Yes
100%
İtalyan Yemekleri Pizza Yes
100%
Başkentler Quezon No
100%
Adalar Quezon No
100%
İtalyan Yemekleri Risotto Yes
100%
Türkiye'deki Büyük Şehirler Rize No
100%
Eski Türk Devletleri Sasani No
100%
Meyveler Soğan No
100%
İtalyan Yemekleri Taco No
100%
Aralarındaki En Üst Askeri Rütbe Teğmen No
100%
Süper Lig'de Şampiyon Olmuş Takımlar Trabzonspor Yes
100%
İki Kıtaya Birden Uzanan Ülkeler Türkiye Yes
100%
Başkenti En Büyük Şehri Olmayan Ülkeler Türkiye Yes
100%
Aralarındaki En Üst Askeri Rütbe Üsteğmen No
100%
Karadeniz'e Temas Eden İllerimiz Yalova No
100%
Avrupa Birliğine Üye Olmayan Avrupa Ülkeleri Yunanistan No
100%
Aralarındaki En Üst Askeri Rütbe Yüzbaşı No
100%
Süper Lig'de Şampiyon Olmuş Takımlar Adana Demirspor No
83%
Ametal Elementler Alüminyum No
83%
Süper Lig'de Takımı Olan İller Ankara Yes
83%
Başkenti En Büyük Şehri Olmayan Ülkeler Arjantin No
83%
Aralarındaki En Üst Askeri Rütbe Astsubay No
83%
Başkentler Auckland No
83%
Eski Türk Devletleri Avrupa Hun Yes
83%
Bursa'nın En Kalabalık 5 Mahallesi Bağlarbaşı Yes
83%
Türk Markaları Beko Yes
83%
İstanbul'un Avrupa Yakasındaki İlçeleri Beşiktaş Yes
83%
Meyveler Bezelye No
83%
Aralarındaki En Üst Askeri Rütbe Binbaşı No
83%
Ortaokulda Adı Farklı Olan Dersler Biyoloji Yes
83%
İstanbul'daki Üniversiteler Boğaziçi Üniversitesi Yes
83%
Hindistan'daki Dinler Budizm Yes
83%
Avrupa Birliğine Üye Olmayan Avrupa Ülkeleri Bulgaristan No
83%
Çin Şehirleri Chongqing Yes
83%
Ametal Elementler Çinko No
83%
Ortaokulda Adı Farklı Olan Dersler Coğrafya Yes
83%
Ortaokulda Adı Farklı Olan Dersler Din Kültürü No
83%
Türkiye'deki Büyük Şehirler Diyarbakır Yes
83%
Meyveler Domates Yes
83%
Plaka Sayısına Göre En Son 5 Şehir Düzce Yes
83%
İstanbul'daki Üniversiteler Ege Üniversitesi No
83%
İki Kıtaya Birden Uzanan Ülkeler Endonezya No
83%
Eski Türk Devletleri Endülüs Emevi No
83%
Türkiye'deki Büyük Şehirler Erzurum Yes
83%
Ortaokulda Adı Farklı Olan Dersler Fizik Yes
83%
Süper Lig'de Şampiyon Olmuş Takımlar Galatasaray Yes
83%
Türkiye'nin Adaları Heybeliada Yes
83%
Hindistan'daki Dinler Hinduizm Yes
83%
Hindistan'daki Dinler Hristiyanlık Yes
83%
Plaka Sayısına Göre En Son 5 Şehir Iğdır No
83%
Ortaokulda Adı Farklı Olan Dersler İngilizce No
83%
Eurovision'a Katılmış Türk Şarkıcılar İrem Derici No
83%
Meyveler Ispanak No
83%
İki Kıtaya Birden Uzanan Ülkeler İsrail No
83%
Süper Lig'de Şampiyon Olmuş Takımlar İstanbul Başakşehir Yes
83%
Avrupa Birliğine Üye Olmayan Avrupa Ülkeleri İsviçre Yes
83%
Süper Lig'de Takımı Olan İller İzmir Yes
83%
İstanbul'un Avrupa Yakasındaki İlçeleri Kadıköy No
83%
İç Anadolu'daki İllerimiz Kahramanmaraş No
83%
Ametal Elementler Kalay No
83%
Eski Türk Devletleri Karahanlı Yes
83%
Türkiye'deki Büyük Şehirler Kars No
83%
Türkiye'deki Büyük Şehirler Kastamonu No
83%
Süper Lig'de Takımı Olan İller Kayseri Yes
83%
Türk Markaları Komagene Yes
83%
Süper Lig'de Takımı Olan İller Konya Yes
83%
Uzak Doğu Ülkeleri Kuzey Kore Yes
83%
Türk Markaları Lays No
83%
İtalyan Yemekleri Lazanya Yes
83%
İtalyan Yemekleri Makarna Yes
83%
Adalar Malakka No
83%
Avrupa Birliğine Üye Olmayan Avrupa Ülkeleri Malta No
83%
Ortaokulda Adı Farklı Olan Dersler Matematik No
83%
Bursa'nın En Kalabalık 5 Mahallesi Millet Yes
83%
Uzak Doğu Ülkeleri Moğolistan Yes
83%
Süper Lig'de Takımı Olan İller Muğla No
83%
Çin Şehirleri Nagoya No
83%
Soy Gazlar Neon Yes
83%
İç Anadolu'daki İllerimiz Nevşehir Yes
83%
İç Anadolu'daki İllerimiz Niğde Yes
83%
Türk Yazarlar Orhan Pamuk Yes
83%
Plaka Sayısına Göre En Son 5 Şehir Osmaniye Yes
83%
Meyveler Patates No
83%
Avrupa Birliğine Üye Olmayan Avrupa Ülkeleri Polonya No
83%
Soy Gazlar Polonyum No
83%
Türk Yazarlar Reşat Nuri Güntekin Yes
83%
Türkiye'nin Adaları Rodos No
83%
İki Kıtaya Birden Uzanan Ülkeler Rusya Yes
83%
Başkenti En Büyük Şehri Olmayan Ülkeler Rusya No
83%
Eski Türk Devletleri Safevi No
83%
Süper Lig'de Şampiyon Olmuş Takımlar Samsunspor No
83%
Adalar Sicilya Yes
83%
Hindistan'daki Dinler Sihizm Yes
83%
Başkentler Stockholm Yes
83%
Ortaokulda Adı Farklı Olan Dersler Tarih Yes
83%
Uzak Doğu Ülkeleri Tayvan Yes
83%
Başkentler Tiflis Yes
83%
Adalar Torino No
83%
İstanbul'un Avrupa Yakasındaki İlçeleri Ümraniye No
83%
Çin Şehirleri Xiamen Yes
83%
Çin Şehirleri Yangon No
83%
Çin Şehirleri Yokohama No
83%
İç Anadolu'daki İllerimiz Yozgat Yes
83%
En Kalabalık 5 İlçe Alanya No
67%
Karadeniz'e Temas Eden İllerimiz Amasya No
67%
Karadeniz'e Temas Eden İllerimiz Ardahan No
67%
İstanbul'un Avrupa Yakasındaki İlçeleri Arnavutköy Yes
67%
Başkenti En Büyük Şehri Olmayan Ülkeler Avustralya Yes
67%
İstanbul'un Avrupa Yakasındaki İlçeleri Bağcılar Yes
67%
Süper Lig'de Takımı Olan İller Bursa No
67%
Türkiye'deki Büyük Şehirler Çanakkale No
67%
En Kalabalık 5 İlçe Çankaya Yes
67%
Hindistan'daki Dinler Dürzîlik No
67%
Ortaokulda Adı Farklı Olan Dersler Edebiyat Yes
67%
İç Anadolu'daki İllerimiz Eskişehir Yes
67%
Birden Fazla Başkenti Olan Ülkeler Filipinler No
67%
Ametal Elementler Fosfor Yes
67%
Eski Türk Devletleri Gazne Yes
67%
Adalar Girit Yes
67%
Birden Fazla Başkenti Olan Ülkeler Güney Afrika Cumhuriyeti Yes
67%
İstanbul'daki Üniversiteler Hacettepe Üniversitesi No
67%
Eurovision'a Katılmış Türk Şarkıcılar Hande Yener No
67%
Adalar İbiza Yes
67%
Bursa'nın En Kalabalık 5 Mahallesi İhsaniye No
67%
Türkiye'nin Adaları İmralı Yes
67%
Yer Adı Olan Kelimeler Keangaldhtsnuateypeuurtllanlsniahketardhst No
67%
Eurovision'a Katılmış Türk Şarkıcılar Kenan Doğulu Yes
67%
Ortaokulda Adı Farklı Olan Dersler Kimya Yes
67%
İç Anadolu'daki İllerimiz Kırşehir Yes
67%
Süper Lig'de Takımı Olan İller Kocaeli Yes
67%
Türk Markaları LG No
67%
Eurovision'a Katılmış Türk Şarkıcılar MANGA Yes
67%
Avrupa Birliğine Üye Olmayan Avrupa Ülkeleri Moldova Yes
67%
Eurovision'a Katılmış Türk Şarkıcılar Murat Dalkılıç No
67%
İstanbul'un Avrupa Yakasındaki İlçeleri Sarıyer Yes
67%
Türk Yazarlar Sebahattin Ali Yes
67%
Soy Gazlar Selenyum No
67%
Eurovision'a Katılmış Türk Şarkıcılar Serdar Ortaç No
67%
Eurovision'a Katılmış Türk Şarkıcılar Sertab Erener Yes
67%
Plaka Sayısına Göre En Son 5 Şehir Şırnak No
67%
Bursa'nın En Kalabalık 5 Mahallesi Soğanlı No
67%
Hindistan'daki Dinler Taoizm No
67%
Adalar Tazmanya Yes
67%
İtalyan Yemekleri Tortilla No
67%
Avrupa Birliğine Üye Olmayan Avrupa Ülkeleri Ukrayna Yes
67%
Türk Markaları Vestel Yes
67%
Plaka Sayısına Göre En Son 5 Şehir Yalova Yes
67%
Türk Yazarlar Yılmaz Erdoğan No
67%
Uzak Doğu Ülkeleri Afganistan No
50%
Hindistan'daki Dinler Agnostizm No
50%
Plaka Sayısına Göre En Son 5 Şehir Ardahan No
50%
Soy Gazlar Argon Yes
50%
Ametal Elementler Azot Yes
50%
İstanbul'un Avrupa Yakasındaki İlçeleri Bakırköy Yes
50%
Meyveler Bal Kabağı Yes
50%
İstanbul'un Avrupa Yakasındaki İlçeleri Beykoz No
50%
Yer Adı Olan Kelimeler Bhamnsgbaknauyrtafmnuaerrsraencomaanbborgotaghu No
50%
Başkenti En Büyük Şehri Olmayan Ülkeler Birleşik Arap Emirlikleri Yes
50%
Ametal Elementler Bor No
50%
İtalyan Yemekleri Bruschetta Yes
50%
Çin Şehirleri Busan No
50%
Başkentler Canberra Yes
50%
Nilüfer'deki Mahalleler Çekirge No
50%
Birden Fazla Başkenti Olan Ülkeler Cezayir No
50%
Başkenti En Büyük Şehri Olmayan Ülkeler Çin Yes
50%
Nilüfer'deki Mahalleler Dikkaldırım No
50%
Karadeniz'e Temas Eden İllerimiz Düzce Yes
50%
Çin Şehirleri Guangzhou Yes
50%
Türk Yazarlar İlber Ortaylı No
50%
Birden Fazla Başkenti Olan Ülkeler İran No
50%
Soy Gazlar İyot No
50%
İki Kıtaya Birden Uzanan Ülkeler Kazakistan Yes
50%
En Kalabalık 5 İlçe Keçiören Yes
50%
Plaka Sayısına Göre En Son 5 Şehir Kilis Yes
50%
Karadeniz'e Temas Eden İllerimiz Kocaeli Yes
50%
Ametal Elementler Kükürt Yes
50%
Başkentler Lagos No
50%
Birden Fazla Başkenti Olan Ülkeler Meksika No
50%
Eski Türk Devletleri Memlük Yes
50%
İki Kıtaya Birden Uzanan Ülkeler Mısır Yes
50%
Türk Yazarlar Nazım Hikmet No
50%
Ametal Elementler Oksijen Yes
50%
En Kalabalık 5 İlçe Osmangazi Yes
50%
İki Kıtaya Birden Uzanan Ülkeler Panama Yes
50%
Başkentler Pyongyang Yes
50%
Türkiye'nin Adaları Sakız No
50%
Başkentler Santiago Yes
50%
Türk Markaları Siemens No
50%
İç Anadolu'daki İllerimiz Sivas Yes
50%
Başkenti En Büyük Şehri Olmayan Ülkeler Suudi Arabistan No
50%
Eurovision'a Katılmış Türk Şarkıcılar Tarkan Yes
50%
Yer Adı Olan Kelimeler Taumatawhakatangihangakoauauotamateaturipukakapikimaungahoronukupokaiwhenuakitanatahu Yes
50%
Yer Adı Olan Kelimeler Terratkskkaolmnıstayygangaplaer No
50%
Çin Şehirleri Tianjin Yes
50%
İç Anadolu'daki İllerimiz Tokat No
50%
En Kalabalık 5 İlçe Ümraniye No
50%
Aralarındaki En Üst Askeri Rütbe Yarbay No
50%
İstanbul'daki Üniversiteler Yıldız Teknik Üniversitesi Yes
50%
Nilüfer'deki Mahalleler Yüzüncüyıl Yes
50%
Yer Adı Olan Kelimeler Agnogarettauynavuckalinaqauhgarta No
33%
Eski Türk Devletleri Babür Yes
33%
En Kalabalık 5 İlçe Beşiktaş No
33%
Türk Yazarlar Cemal Süreyya No
33%
Adalar Corsica Yes
33%
İç Anadolu'daki İllerimiz Çorum No
33%
Karadeniz'e Temas Eden İllerimiz Gümüşhane No
33%
Bursa'nın En Kalabalık 5 Mahallesi Hamitler Yes
33%
Uzak Doğu Ülkeleri Hindistan No
33%
Nilüfer'deki Mahalleler İhsaniye Yes
33%
Türkiye'nin Adaları İstanköy No
33%
Ametal Elementler Karbon Yes
33%
Uzak Doğu Ülkeleri Kazakistan No
33%
Uzak Doğu Ülkeleri Kırgızistan No
33%
Karadeniz'e Temas Eden İllerimiz Kırklareli Yes
33%
Nilüfer'deki Mahalleler Kültür Yes
33%
Türk Markaları Lipton No
33%
Nilüfer'deki Mahalleler Millet No
33%
İstanbul'daki Üniversiteler Milli Savunma Üniversitesi Yes
33%
Avrupa Birliğine Üye Olmayan Avrupa Ülkeleri Norveç Yes
33%
Nilüfer'deki Mahalleler Odunluk Yes
33%
En Kalabalık 5 İlçe Şahinbey Yes
33%
Meyveler Salatalık Yes
33%
İstanbul'un Avrupa Yakasındaki İlçeleri Üsküdar No
33%
Meyveler Zeytin Yes
33%
Aralarındaki En Üst Askeri Rütbe Albay Yes
17%
Bursa'nın En Kalabalık 5 Mahallesi Arabayatağı No
17%
Hindistan'daki Dinler Ateizm No
17%
Yer Adı Olan Kelimeler Azpilicuetagaraycosaroyarenberecolarrea Yes
17%
Birden Fazla Başkenti Olan Ülkeler Bolivya Yes
17%
Türk Markaları Casper Yes
17%
Çin Şehirleri Chengdu Yes
17%
Nilüfer'deki Mahalleler Dağyenice Yes
17%
Bursa'nın En Kalabalık 5 Mahallesi Demirtaş Yes
17%
En Kalabalık 5 İlçe Kadıköy No
17%
Başkenti En Büyük Şehri Olmayan Ülkeler Kanada Yes
17%
Plaka Sayısına Göre En Son 5 Şehir Karabük Yes
17%
Soy Gazlar Kripton Yes
17%
Soy Gazlar Ksenon Yes
17%
Meyveler Mısır Yes
17%
İstanbul'daki Üniversiteler Özyeğin Üniversitesi Yes
17%
Türk Markaları Profilo Yes
17%
Yer Adı Olan Kelimeler Tweebuffelsmeteenskootmorsdoodgeskietfontein Yes
17%
Türk Yazarlar Yılmaz Özdil Yes
17%
Bursa'nın En Kalabalık 5 Mahallesi Yunuseli No
17%
Nilüfer'deki Mahalleler Zafer No
17%
Birden Fazla Başkenti Olan Ülkeler Benin Yes
0%
Yer Adı Olan Kelimeler Chargoggagoggmanchauggagoggchaubunagungamaugg Yes
0%
Bursa'nın En Kalabalık 5 Mahallesi Emek Yes
0%
Yer Adı Olan Kelimeler Llanfair­pwllgwyngyll­gogery­chwyrn­drobwll­llan­tysilio­gogo­goch Yes
0%
Türkiye'nin Adaları Saros Yes
0%
Birden Fazla Başkenti Olan Ülkeler Sri Lanka Yes
0%
Birden Fazla Başkenti Olan Ülkeler Tanzanya Yes
0%
No matching quizzes found
Score Distribution
Percent of People with Each Score
Percentile by Number Answered
Your Score History
You have not taken this quiz since the last reset